[Event "XLV Sevilla Open 2020"]
[Site "Sevilla"]
[Date "2020.01.18"]
[Round "9.1"]
[White "Li, Di"]
[Black "Shevchenko, Kirill"]
[Result "0-1"]
[WhiteElo "2562"]
[BlackElo "2553"]
[Annotator "RC"]
[PlyCount "126"]
[EventDate "2020.01.05"]
[EventType "swiss"]
[EventCountry "ESP"]
[SourceTitle "playchess.com"]
[Source "ChessBase"]
[SourceQuality "1"]
[TimeControl "5400+30"]

1. Nf3 {[%emt 0:00:00]} Nf6 {[%emt 0:00:00]} 2. c4 {[%emt 0:00:00]} g6 {[%emt 0:01:31]} 3. Nc3 {[%emt 0:00:05]} d5 {[%emt 0:00:35]} 4. cxd5 {[%emt 0:00:17]} Nxd5 {[%emt 0:00:05]} 5. h4 {[%emt 0:00:15]} Bg7 {[%emt 0:03:26]} 6. e4 {[%emt 0:00:30]} Nxc3 {[%emt 0:01:24]} 7. dxc3 {[%emt 0:00:09]} Qxd1+ {[%emt 0:00:35]} 8. Kxd1 {[%emt 0:00:03]} Nd7 {[%emt 0:06:26]} 9. Nd4 {[%emt 0:00:04]} c6 {[%emt 0:02:12]} 10. f3 {[%emt 0:09:01]} h5 {[%emt 0:04:02]} 11. Be3 {[%emt 0:02:37]} Bh6 {[%emt 0:09:14]} 12. Bf2 {[%emt 0:00:13]} Bf4 {[%emt 0:03:27]} 13. a4 {[%emt 0:05:47]} a5 {[%emt 0:02:38]} 14. Kc2 {[%emt 0:00:20]} Bc7 {[%emt 0:02:35]} 15. Nb3 {[%emt 0:02:12]} Nf8 {[%emt 0:18:04]} 16. Nd2 {[%emt 0:01:12]} Be6 {[%emt 0:05:14]} 17. Bd4 {[%emt 0:13:08]} f6 {[%emt 0:04:13]} 18. Be2 {[%emt 0:00:54]} Nd7 {[%emt 0:02:04]} 19. Nc4 {[%emt 0:00:27]} Bxc4 {[%emt 0:06:53]} 20. Bxc4 {[%emt 0:00:11]} e5 {[%emt 0:00:50]} 21. Be3 {[%emt 0:03:40]} Bb6 {[%emt 0:01:28]} 22. Bd2 {[%emt 0:00:08]} Ke7 {[%emt 0:00:48]} 23. Rh3 {[%emt 0:01:24]} Nf8 {[%emt 0:02:12]} 24. Rf1 {[%emt 0:04:41]} Ne6 {[%emt 0:02:09]} 25. g3 {[%emt 0:00:31]} Raf8 {[%emt 0:02:35]} 26. Rh2 {[%emt 0:00:24]} Nc5 {[%emt 0:05:45]} 27. b3 {[%emt 0:00:18]} Kd6 {[%emt 0:04:45]} 28. Re2 {[%emt 0:02:53]} Nd7 {[%emt 0:02:46]} 29. Bc1 {[%emt 0:00:38]} Bc5 {[%emt 0:00:38]} 30. Rd2+ {[%emt 0:04:17]} Ke7 {[%emt 0:00:46]} 31. Re1 {[%emt 0:00:10]} Nb6 {[%emt 0:01:33]} 32. Bf1 {[%emt 0:00:03]} g5 {[%emt 0:01:35]} 33. Be2 {[%emt 0:30:48]} Rfg8 {[%emt 0:00:40]} 34. Bd1 {[%emt 0:00:21]} gxh4 {[%emt 0:00:32]} 35. gxh4 {[%emt 0:00:02]} Rg3 {[%emt 0:00:40]} 36. Rh2 {[%emt 0:00:37]} Nd7 {[%emt 0:02:43]} 37. Rf1 {[%emt 0:01:37]} Bd6 {[%emt 0:00:35]} 38. Be3 {[%emt 0:03:29]} Nc5 {[%emt 0:00:34]} 39. Bf2 {[%emt 0:00:47]} Rg7 {[%emt 0:00:11]} 40. Be2 {[%emt 0:00:37]} Ne6 {[%emt 0:00:31]} 41. Bb6 {[%emt 0:01:22]} Ra8 {[%emt 0:00:58]} 42. Be3 {[%emt 0:01:39]} Rh8 {[%emt 0:00:24]} 43. Bc4 {[%emt 0:02:28]} Bc5 {[%emt 0:00:10]} 44. Bc1 {[%emt 0:02:49]} Rhg8 {[%emt 0:00:35]} 45. Re2 {[%emt 0:06:36]} Rg1 {[%emt 0:00:50]} 46. Rxg1 {[%emt 0:00:29]} Rxg1 {[%emt 0:00:02]} 47. Rh2 {[%emt 0:01:27]} Nf4 {[%emt 0:00:22]} 48. Bd2 {[%emt 0:00:50]} Rg2 {[%emt 0:01:02]} 49. Rxg2 {[%emt 0:01:00]} Nxg2 {[%emt 0:00:01]} 50. b4 {[%emt 0:00:10]} Bb6 {[%emt 0:00:28]} 51. Kd1 {[%emt 0:00:46]} Nxh4 {[%emt 0:00:49]} 52. Ke2 {[%emt 0:00:12]} Ng2 {[%emt 0:00:30]} 53. Kf1 {[%emt 0:01:16]} Be3 {[%emt 0:00:52]} 54. Kxg2 {[%emt 0:00:27]} Bxd2 {[%emt 0:00:01]} 55. bxa5 {[%emt 0:00:02]} Bxc3 {[%emt 0:00:10]} 56. a6 {[%emt 0:00:06]} bxa6 {[%emt 0:00:03]} 57. Bxa6 {[%emt 0:00:09]} Kd6 {[%emt 0:00:09]} 58. Kh3 {[%emt 0:01:50]} Be1 {[%emt 0:00:35]} 59. Bc4 {[%emt 0:00:30]} Kc5 {[%emt 0:00:38]} 60. Bf7 {[%emt 0:00:12]} Kd4 {[%emt 0:01:16]} 61. a5 {[%emt 0:00:37]} Bxa5 {[%emt 0:00:10]} 62. Kh4 {[%emt 0:00:02]} c5 {[%emt 0:00:33]} 63. Kxh5 {[%emt 0:00:04]} Bd2 {[%emt 0:00:12]} 0-1

[Event "XLV Sevilla Open 2020"]
[Site "Sevilla"]
[Date "2020.01.18"]
[Round "9.2"]
[White "Chen, Qi B"]
[Black "Grigoryan, Karen H."]
[Result "1/2-1/2"]
[WhiteElo "2432"]
[BlackElo "2632"]
[Annotator "TA"]
[PlyCount "19"]
[EventDate "2020.01.05"]
[EventType "swiss"]
[EventCountry "ESP"]
[SourceTitle "playchess.com"]
[Source "ChessBase"]
[SourceQuality "1"]

{[%evp 18,19,26,0]} 1. e4 c5 2. Nf3 d6 3. d4 cxd4 4. Nxd4 Nf6 5. Nc3 a6 6. Be3 Ng4 $146 ({Predecessor:} 6... e5 7. Nb3 Be6 8. f3 h5 9. Nd5 Bxd5 10. exd5 Nbd7 11. Qd2 g6 12. O-O-O Bg7 13. Kb1 Qc7 14. Be2 O-O 15. g4 Rfc8 16. Rc1 hxg4 17. fxg4 {1-0 (55) Dominguez Perez,L (2758)-Giri,A (2769) Moscow 2019}) 7. Bc1 Nf6 8. Be3 Ng4 9. Bc1 Nf6 10. Be3 1/2-1/2

[Event "XLV Sevilla Open 2020"]
[Site "Sevilla"]
[Date "2020.01.18"]
[Round "9.3"]
[White "Lu, Shanglei"]
[Black "Das, Arghyadip"]
[Result "1/2-1/2"]
[WhiteElo "2611"]
[BlackElo "2451"]
[Annotator "TA"]
[PlyCount "33"]
[EventDate "2020.01.05"]
[EventType "swiss"]
[EventCountry "ESP"]
[SourceTitle "playchess.com"]
[Source "ChessBase"]
[SourceQuality "1"]

{[%evp 13,33,7,31,0,0,0,0,0,0,0,0,0,0,0,0,0,0,0,0,0,0,0]} 1. e4 e6 2. d4 d5 3. Nc3 Bb4 4. e5 c5 5. a3 Bxc3+ 6. bxc3 Ne7 7. Qg4 cxd4 8. Bd3 {C18: French: 3 Nc3 Bb4: Main line: 7 h4 and 7 Qg4} Qa5 {The position is equal.} 9. Ne2 O-O 10. Bg5 Ng6 11. f4 {With the idea h4.} Nd7 12. Bxg6 $1 fxg6 13. Qxe6+ Rf7 {[#] And now ...Nc5 would win.} 14. Qe8+ Rf8 15. Qe6+ Rf7 {[#] Threatens to win with ...Nc5.} 16. Qe8+ $146 ({Predecessor:} 16. O-O Nb6 17. Qe8+ Rf8 18. Qe7 dxc3 19. Bf6 Rf7 20. Qe8+ Rf8 21. Qe7 Rf7 {½-½ (21) Svidler,P (2726)-Grischuk,A (2748) Nalchik 2009}) 16... Rf8 17. Qe6+ 1/2-1/2

[Event "XLV Sevilla Open 2020"]
[Site "Sevilla"]
[Date "2020.01.18"]
[Round "9.4"]
[White "Shariyazdanov, Andrey"]
[Black "Campora, Daniel H."]
[Result "1-0"]
[WhiteElo "2519"]
[BlackElo "2420"]
[Annotator "TA"]
[PlyCount "73"]
[EventDate "2020.01.05"]
[EventType "swiss"]
[EventCountry "ESP"]
[SourceTitle "playchess.com"]
[Source "ChessBase"]
[SourceQuality "1"]

{[%evp 20,73,24,2,27,14,59,59,61,51,54,54,55,64,60,54,60,64,68,88,114,118,127,127,120,135,131,37,87,78,134,91,100,92,170,159,166,161,167,176,173,130,131,115,240,246,306,304,329,308,400,268,678,677,669,480]} 1. d4 Nf6 2. c4 e6 3. Nc3 d5 4. cxd5 exd5 5. Bg5 Nbd7 6. e3 c6 7. Bd3 Be7 8. Qc2 Nf8 9. Nf3 Ne6 10. Bh4 g6 11. h3 a6 {11...0-0 is setting a new trend. D36: Queen's Gambit Declined: Exchange Variation: Main line (5 Bg5 c6 6 Qc2).} 12. O-O-O b5 13. Ne5 Bb7 {White is slightly better.} 14. f4 {[#]} Nd7 $146 ({Predecessor:} 14... O-O 15. f5 Ng7 16. fxg6 fxg6 17. Rdf1 Nd7 18. Rxf8+ Nxf8 19. Qf2 Bxh4 20. Qf7+ Kh8 21. Qxb7 {½-½ (31) Felderhof,H-Kroone,G Netherlands 1935}) 15. Bxe7 Qxe7 16. Nxd7 Qxd7 17. f5 $36 {[%mdl 2048] White has some pressure.} Nc7 18. e4 O-O-O 19. e5 Kb8 20. Kb1 Qe7 21. Ne2 f6 22. exf6 Qxf6 23. Nc1 (23. fxg6 $16 {Threatens to win with Rhf1.} hxg6 24. Rhf1) 23... gxf5 24. Bxf5 Bc8 (24... Ne8 $142) 25. Bxc8 Rxc8 26. Qc5 Na8 (26... Kb7 $16) 27. Nd3 $18 Qf8 28. Rhf1 Qxc5 29. Nxc5 Ka7 30. Rf7+ Rc7 31. Rdf1 a5 {[#]} (31... Re8 $16) 32. g4 $1 a4 33. g5 Kb6 34. h4 Re8 35. h5 Re2 $2 {[#]} (35... Re1+ 36. Rxe1 Rxf7) 36. Rf8 Ra7 37. R1f7 {Accuracy: White = 75%, Black = 41%.} 1-0

[Event "XLV Sevilla Open 2020"]
[Site "Sevilla"]
[Date "2020.01.18"]
[Round "9.5"]
[White "Pingin, Artem"]
[Black "Matamoros Franco, Carlos S."]
[Result "0-1"]
[WhiteElo "2143"]
[BlackElo "2487"]
[Annotator "ChessBase"]
[PlyCount "98"]
[EventDate "2020.01.05"]
[EventType "swiss"]
[EventCountry "ESP"]
[SourceTitle "playchess.com"]
[Source "ChessBase"]
[SourceQuality "1"]
[TimeControl "5400+30"]

1. e4 {[%emt 0:00:00]} c5 {[%emt 0:04:58]} 2. Nf3 {[%emt 0:00:00]} Nc6 {[%emt 0:00:13]} 3. d4 {[%emt 0:00:00]} cxd4 4. Nxd4 {[%emt 0:00:00]} e5 {[%emt 0:00:20]} 5. Nb5 {[%emt 0:00:00]} d6 {[%emt 0:00:05]} 6. c4 {[%emt 0:00:00]} Be7 {[%emt 0:00:24]} 7. N5c3 {[%emt 0:00:00]} Nf6 {[%emt 0:01:22]} 8. Bd3 {[%emt 0:00:00]} Nd7 {[%emt 0:00:24]} 9. Nd5 {[%emt 0:00:14]} Nc5 {[%emt 0:00:07]} 10. Nbc3 {[%emt 0:00:13]} O-O {[%emt 0:01:08]} 11. Nxe7+ {[%emt 0:01:10]} Qxe7 {[%emt 0:01:23]} 12. O-O {[%emt 0:00:25]} f5 {[%emt 0:02:37]} 13. exf5 {[%emt 0:03:38]} Nxd3 {[%emt 0:00:42]} 14. Qxd3 {[%emt 0:09:08]} Bxf5 {[%emt 0:01:03]} 15. Qg3 {[%emt 0:00:05]} Qe6 {[%emt 0:22:26]} 16. Nd5 {[%emt 0:02:32]} Nd4 {[%emt 0:11:03]} 17. Kh1 {[%emt 0:02:22]} Be4 {[%emt 0:01:52]} 18. Be3 {[%emt 0:09:35]} Nf5 {[%emt 0:02:07]} 19. Qg4 {[%emt 0:04:34]} Bxd5 {[%emt 0:00:12]} 20. cxd5 {[%emt 0:00:10]} Qxd5 {[%emt 0:00:04]} 21. Rfd1 {[%emt 0:00:12]} Qb5 {[%emt 0:06:45]} 22. Qe4 {[%emt 0:01:31]} Rf6 {[%emt 0:09:53]} 23. Bg5 {[%emt 0:05:04]} Rf7 {[%emt 0:00:01]} 24. Rd2 {[%emt 0:00:37]} h6 {[%emt 0:04:54]} 25. Be3 {[%emt 0:01:30]} Qc6 {[%emt 0:00:28]} 26. Qxc6 {[%emt 0:10:37]} bxc6 {[%emt 0:00:01]} 27. g4 {[%emt 0:00:05]} Nxe3 {[%emt 0:00:19]} 28. fxe3 {[%emt 0:00:02]} d5 {[%emt 0:01:17]} 29. Rc1 {[%emt 0:00:07]} Rf6 {[%emt 0:01:36]} 30. Rdc2 {[%emt 0:08:36]} Rb8 {[%emt 0:05:54]} 31. Rxc6 {[%emt 0:03:44]} Rxb2 {[%emt 0:00:45]} 32. Rxf6 {[%emt 0:02:08]} gxf6 {[%emt 0:00:01]} 33. Rc5 {[%emt 0:00:42]} Rxa2 {[%emt 0:00:54]} 34. Rxd5 {[%emt 0:00:03]} Kf7 {[%emt 0:00:07]} 35. Kg1 {[%emt 0:02:38]} Kg6 {[%emt 0:02:06]} 36. Rd7 {[%emt 0:01:09]} a5 {[%emt 0:00:13]} 37. Ra7 {[%emt 0:00:55]} h5 {[%emt 0:01:52]} 38. h3 {[%emt 0:00:46]} hxg4 {[%emt 0:00:04]} 39. hxg4 {[%emt 0:00:00]} a4 {[%emt 0:00:10]} 40. Ra8 {[%emt 0:00:11]} a3 {[%emt 0:00:18]} 41. Rg8+ {[%emt 0:00:36]} Kh6 {[%emt 0:00:12]} 42. g5+ {[%emt 0:00:50]} fxg5 {[%emt 0:00:37]} 43. Ra8 {[%emt 0:00:27]} Kh5 {[%emt 0:00:08]} 44. Ra4 {[%emt 0:00:05]} g4 {[%emt 0:00:04]} 45. Ra5 {[%emt 0:01:07]} Kh4 {[%emt 0:00:05]} 46. Rxe5 {[%emt 0:00:56]} Rb2 {[%emt 0:00:05]} 47. Ra5 {[%emt 0:00:26]} a2 {[%emt 0:00:04]} 48. e4 {[%emt 0:00:09]} Rb1+ {[%emt 0:00:09]} 49. Kg2 {[%emt 0:00:02]} a1=Q {[%emt 0:00:07]} 0-1

[Event "XLV Sevilla Open 2020"]
[Site "Sevilla"]
[Date "2020.01.18"]
[Round "9.6"]
[White "Pridorozhni, Aleksei"]
[Black "Gutierrez Olivares, Daniel"]
[Result "1-0"]
[WhiteElo "2601"]
[BlackElo "2358"]
[Annotator "ChessBase"]
[PlyCount "51"]
[EventDate "2020.01.05"]
[EventType "swiss"]
[EventCountry "ESP"]
[SourceTitle "playchess.com"]
[Source "ChessBase"]
[SourceQuality "1"]
[TimeControl "5400+30"]

1. e4 g6 2. d4 Bg7 3. c4 d6 4. Nc3 Nf6 5. f4 O-O 6. Nf3 c5 7. d5 e6 8. dxe6 Bxe6 9. Bd3 Re8 10. O-O Bg4 11. h3 Bxf3 12. Qxf3 Nc6 13. Kh1 Qb6 14. Qf2 Nb4 15. Bb1 h6 16. Be3 Qc6 17. a3 Na6 18. Bc2 Re7 19. Rae1 Qb6 20. Bc1 Nc7 21. e5 Nd7 22. f5 dxe5 23. fxg6 fxg6 24. Qh4 g5 25. Bxg5 Re6 26. Nd5 1-0

[Event "XLV Sevilla Open 2020"]
[Site "Sevilla"]
[Date "2020.01.18"]
[Round "9.7"]
[White "Barrish, Daniel"]
[Black "Gagare, Shardul"]
[Result "1/2-1/2"]
[WhiteElo "2352"]
[BlackElo "2481"]
[Annotator "TA"]
[PlyCount "117"]
[EventDate "2020.01.05"]
[EventType "swiss"]
[EventCountry "ESP"]
[SourceTitle "playchess.com"]
[Source "ChessBase"]
[SourceQuality "1"]

{[%evp 11,117,16,16,14,16,19,18,19,25,23,27,16,10,12,23,13,16,0,0,0,0,0,0,0,0,0,58,-22,36,33,37,21,60,58,60,54,44,44,79,77,89,89,97,97,91,91,101,98,101,95,92,98,98,98,98,98,98,98,98,77,98,72,80,71,98,91,91,10,97,49,49,0,91,64,91,91,143,129,129,129,129,129,129,129,129,129,129,129,129,129,154,154,158,8,8,8,8,0,0,0,0,0,0,0,0,0,0,0]} 1. d4 d5 2. c4 c6 3. cxd5 cxd5 4. Bf4 Nc6 5. e3 Nf6 6. Nc3 Bg4 7. Qb3 {D10: Slav Defence: 3 cxd5 (without early Nf3) and 3 Nc3} Na5 $1 {[%cal Ra5b3]} 8. Qa4+ Bd7 9. Qc2 e6 10. Bd3 Nc6 11. Qe2 Rc8 (11... Bb4 12. Nf3 Nh5 13. Bg5 Qa5 14. O-O h6 15. Bh4 g5 {½-½ (75) Harikrishna,P (2731)-Carlsen,M (2870) Kolkata 2019}) 12. Nf3 Be7 13. Ne5 Nxe5 14. dxe5 Ne4 $1 {[#]} 15. Bxe4 $146 ({Predecessor:} 15. Nxe4 dxe4 16. Bxe4 {0-1 (37) Bromberger,S (2535)-Vogel,R (2415) Austria 2017}) 15... dxe4 16. O-O Bc6 17. Rfd1 Qb6 18. Rd4 Bc5 ({Black should play} 18... Rd8 $11) 19. Na4 (19. Nxe4 $14 Bxd4 20. Nd6+ {[%mdl 64] Double Attack} Kd7 21. exd4) 19... Qb5 ({Better is} 19... Qa5 $1 $11 20. Nxc5 Qxc5) 20. Qxb5 $14 Bxb5 21. Rc1 Bxa4 22. Rxa4 Kd7 23. Rxe4 b5 24. Kf1 Bb6 25. Rd1+ Kc6 26. Rb4 Bc5 27. Rb3 b4 28. Rbd3 Be7 29. Ke2 Rhd8 30. e4 Rxd3 31. Rxd3 $16 {[%mdl 4096] Endgame KRB-KRB} Rd8 32. Be3 a6 33. b3 Rxd3 34. Kxd3 {KB-KB} Kb5 35. Ba7 Bg5 36. g3 Bd8 37. Bd4 Be7 38. h4 g6 39. Be3 (39. Ke2 $16) 39... Bd8 (39... Bc5 $11) 40. f3 Bc7 41. Bd4 Bd8 (41... Bb6 $11 {remains equal.}) 42. Ke3 Bc7 43. Kf4 {[#] aiming for Kg5.} f6 (43... Bd8 $142) 44. g4 Kc6 45. g5 f5 46. exf5 exf5 {[#]} 47. Ke3 $1 Kd5 48. f4 Bd8 49. Kd3 Ba5 50. Ba7 Bc7 51. Ke3 Bd8 52. Bb8 (52. h5 $16) 52... Bb6+ $11 {The position is equal.} 53. Kd3 Bc5 $1 54. Bd6 (54. Bc7 {seems wilder.} Kc6 55. Bd8 Kd7 56. Ba5 Kc6 57. Kc4) 54... Bxd6 55. exd6 Kxd6 56. Kc4 Kc6 $1 ({Avoid the trap} 56... a5 $2 57. Kd4 $18) 57. Kd4 {Hoping for Ke5.} Kd6 $1 58. Kc4 Kc6 $1 ({Wrong is} 58... a5 $2 59. Kd4 $18) 59. Kd4 {Accuracy: White = 55%, Black = 62%.} 1/2-1/2

[Event "XLV Sevilla Open 2020"]
[Site "Sevilla"]
[Date "2020.01.18"]
[Round "9.8"]
[White "Piasetski, Leon"]
[Black "Swayams, Mishra"]
[Result "0-1"]
[WhiteElo "2219"]
[BlackElo "2479"]
[Annotator "ChessBase"]
[PlyCount "80"]
[EventDate "2020.01.05"]
[EventType "swiss"]
[EventCountry "ESP"]
[SourceTitle "playchess.com"]
[Source "ChessBase"]
[SourceQuality "1"]
[TimeControl "5400+30"]

1. c4 {[%emt 0:00:00]} b6 {[%emt 0:11:02]} 2. Nc3 {[%emt 0:01:07]} Bb7 {[%emt 0:00:16]} 3. e4 {[%emt 0:00:11]} e5 {[%emt 0:00:27]} 4. Nf3 {[%emt 0:00:22]} Nc6 {[%emt 0:00:13]} 5. Be2 {[%emt 0:03:49]} Bc5 {[%emt 0:00:41]} 6. Nxe5 {[%emt 0:06:20]} Nxe5 {[%emt 0:00:14]} 7. d4 {[%emt 0:00:07]} Bd6 {[%emt 0:02:36]} 8. dxe5 {[%emt 0:00:26]} Bxe5 {[%emt 0:00:02]} 9. Nd5 {[%emt 0:04:35]} c6 {[%emt 0:01:56]} 10. Ne3 {[%emt 0:04:18]} Nf6 {[%emt 0:03:12]} 11. Qc2 {[%emt 0:14:39]} Qc7 {[%emt 0:01:44]} 12. g3 O-O-O 13. f4 {[%emt 0:08:44]} Bd4 {[%emt 0:06:43]} 14. O-O {[%emt 0:17:22]} c5 {[%emt 0:05:10]} 15. Bf3 {[%emt 0:00:35]} d6 {[%emt 0:02:18]} 16. Kg2 {[%emt 0:01:21]} Bxe3 {[%emt 0:02:53]} 17. Bxe3 {[%emt 0:00:08]} Rhe8 {[%emt 0:00:02]} 18. e5 {[%emt 0:07:33]} dxe5 {[%emt 0:00:22]} 19. fxe5 {[%emt 0:00:38]} Qxe5 {[%emt 0:00:22]} 20. Bxb7+ {[%emt 0:00:19]} Kxb7 {[%emt 0:09:05]} 21. Rae1 {[%emt 0:03:22]} Rd7 {[%emt 0:04:23]} 22. b3 {[%emt 0:03:43]} Qe6 23. Qf2 {[%emt 0:00:08]} Qc6+ {[%emt 0:02:39]} 24. Qf3 {[%emt 0:02:10]} Qxf3+ 25. Rxf3 Rde7 {[%emt 0:04:51]} 26. h3 {[%emt 0:01:17]} Nd7 {[%emt 0:00:38]} 27. Rd1 Ne5 {[%emt 0:02:09]} 28. Rf2 {[%emt 0:01:27]} f6 {[%emt 0:00:18]} 29. Rfd2 {[%emt 0:01:38]} Nc6 {[%emt 0:02:55]} 30. Bf2 {[%emt 0:00:51]} Kc8 31. g4 {[%emt 0:04:21]} Rd8 {[%emt 0:01:52]} 32. Rxd8+ {[%emt 0:00:09]} Nxd8 {[%emt 0:00:02]} 33. Rd2 {[%emt 0:03:22]} Nc6 {[%emt 0:00:28]} 34. Rd6 {[%emt 0:03:45]} Re2 {[%emt 0:01:39]} 35. a3 {[%emt 0:01:36]} Rb2 {[%emt 0:06:18]} 36. Rd3 {[%emt 0:00:31]} Na5 {[%emt 0:01:11]} 37. Re3 {[%emt 0:00:40]} Kd7 {[%emt 0:00:05]} 38. Rd3+ {[%emt 0:00:04]} Ke7 {[%emt 0:00:10]} 39. b4 {[%emt 0:00:41]} cxb4 {[%emt 0:00:31]} 40. axb4 {[%emt 0:00:08]} Nxc4 {[%emt 0:00:10]} 0-1

[Event "XLV Sevilla Open 2020"]
[Site "Sevilla"]
[Date "2020.01.18"]
[Round "9.9"]
[White "Alsina Leal, Daniel"]
[Black "Pogorelov, Ruslan"]
[Result "1-0"]
[WhiteElo "2465"]
[BlackElo "2377"]
[Annotator "ChessBase"]
[PlyCount "81"]
[EventDate "2020.01.05"]
[EventType "swiss"]
[EventCountry "ESP"]
[SourceTitle "playchess.com"]
[Source "ChessBase"]
[SourceQuality "1"]
[TimeControl "5400+30"]

1. e4 {[%emt 0:01:57]} c6 {[%emt 0:00:00]} 2. Nf3 {[%emt 0:00:22]} d5 {[%emt 0:00:00]} 3. d3 {[%emt 0:00:14]} dxe4 {[%emt 0:00:19]} 4. dxe4 {[%emt 0:00:05]} Qxd1+ {[%emt 0:00:23]} 5. Kxd1 {[%emt 0:00:04]} Bg4 {[%emt 0:00:56]} 6. Be2 {[%emt 0:00:11]} Nd7 {[%emt 0:04:00]} 7. Ne1 {[%emt 0:00:55]} Bxe2+ {[%emt 0:04:52]} 8. Kxe2 {[%emt 0:00:05]} Ngf6 {[%emt 0:00:19]} 9. f3 {[%emt 0:00:41]} e5 {[%emt 0:01:09]} 10. Nd3 {[%emt 0:02:09]} Bd6 {[%emt 0:00:39]} 11. Be3 {[%emt 0:02:43]} Ke7 {[%emt 0:01:12]} 12. Nd2 {[%emt 0:02:16]} b5 {[%emt 0:00:51]} 13. a4 {[%emt 0:03:28]} a6 {[%emt 0:00:22]} 14. c4 {[%emt 0:01:15]} Rhc8 {[%emt 0:01:47]} 15. Rhc1 {[%emt 0:23:56]} Ke6 {[%emt 0:07:30]} 16. Nb3 {[%emt 0:06:42]} Ng8 {[%emt 0:18:05]} 17. Na5 {[%emt 0:22:30]} Ne7 {[%emt 0:00:50]} 18. Nb7 {[%emt 0:01:31]} Rab8 {[%emt 0:03:28]} 19. Nxd6 {[%emt 0:00:16]} Kxd6 {[%emt 0:00:28]} 20. axb5 {[%emt 0:06:10]} axb5 {[%emt 0:00:08]} 21. Rd1 {[%emt 0:00:30]} Ke6 {[%emt 0:06:30]} 22. Nc5+ {[%emt 0:00:26]} Nxc5 {[%emt 0:00:49]} 23. Bxc5 {[%emt 0:00:03]} Rd8 {[%emt 0:00:50]} 24. Rxd8 {[%emt 0:05:05]} Rxd8 {[%emt 0:00:51]} 25. cxb5 {[%emt 0:00:33]} Ng6 {[%emt 0:01:06]} 26. b6 {[%emt 0:04:04]} Nf4+ {[%emt 0:00:24]} 27. Kf1 {[%emt 0:00:12]} f5 {[%emt 0:04:47]} 28. g3 {[%emt 0:01:30]} Nd3 {[%emt 0:00:42]} 29. b4 {[%emt 0:02:18]} g5 {[%emt 0:00:22]} 30. Rd1 {[%emt 0:03:57]} g4 {[%emt 0:00:24]} 31. b7 {[%emt 0:02:43]} fxe4 {[%emt 0:01:25]} 32. fxe4 {[%emt 0:00:09]} Nxc5 {[%emt 0:00:17]} 33. Rxd8 {[%emt 0:00:06]} Nxb7 {[%emt 0:00:14]} 34. Re8+ {[%emt 0:00:50]} Kd6 {[%emt 0:02:05]} 35. Rh8 {[%emt 0:00:41]} c5 {[%emt 0:01:26]} 36. Rxh7 {[%emt 0:00:24]} Kc6 {[%emt 0:00:23]} 37. bxc5 {[%emt 0:02:17]} Nxc5 {[%emt 0:00:02]} 38. Rg7 {[%emt 0:00:27]} Nxe4 {[%emt 0:00:45]} 39. Rxg4 {[%emt 0:00:07]} Kd5 {[%emt 0:00:10]} 40. Rxe4 {[%emt 0:00:33]} Kxe4 {[%emt 0:00:10]} 41. Ke2 {[%emt 0:00:05]} 1-0

[Event "XLV Sevilla Open 2020"]
[Site "Sevilla"]
[Date "2020.01.18"]
[Round "9.10"]
[White "Rangel, Daniel"]
[Black "Ravi, Teja S."]
[Result "0-1"]
[WhiteElo "2269"]
[BlackElo "2464"]
[Annotator "TA"]
[PlyCount "116"]
[EventDate "2020.01.05"]
[EventType "swiss"]
[EventCountry "ESP"]
[SourceTitle "playchess.com"]
[Source "ChessBase"]
[SourceQuality "1"]

{[%evp 9,116,12,1,0,0,8,0,8,12,18,10,-2,0,0,20,10,0,0,0,2,8,4,0,5,5,0,0,0,0,0,14,0,2,-14,-11,-17,0,0,8,0,15,0,46,0,0,0,0,0,0,-70,-72,-100,-104,-108,-112,-101,-98,-144,-132,-126,-97,-96,-40,-50,-38,-43,-14,-40,-40,-48,-42,-39,-33,-41,0,-43,-8,-8,-8,-8,-8,-8,0,0,0,-15,-29,-29,-37,-1929,-1920,-5088,-5088,-29962,-29963,-29941,-29955,-29952,-6382,-29979,-29980,-29981,-29982,-29983,-29984,-29984,-29985,-29985,-29985]} 1. c4 c6 2. Nf3 d5 3. g3 Bg4 4. Bg2 e6 5. Qb3 $146 ({Predecessor:} 5. O-O Nf6 6. Qb3 Qb6 7. d3 {½-½ (90) Prohaszka,P (2613)-Akobian,V (2647) Saint Louis 2018}) 5... Qb6 6. d3 {A11: English Opening: 1...c6} Nd7 7. O-O Ngf6 8. Qc2 {The position is equal.} dxc4 9. Qxc4 Bxf3 10. Bxf3 Ne5 11. Qf4 Nxf3+ 12. Qxf3 Be7 13. Nd2 O-O 14. Nc4 Qd4 (14... Qa6 {seems wilder.} 15. Bd2 Rad8 16. a3 Nd5 17. Rfc1 Bf6) 15. Be3 (15. Rd1 {feels hotter.} Rfd8 16. Bf4 Qd7 17. Bd2 Qd5 18. Kg2) 15... Qd5 16. Qxd5 Nxd5 17. Bd2 Rfd8 18. Rfd1 f6 19. a3 Kf7 20. Kf1 h5 21. e3 Rd7 22. Ke2 Nb6 23. Ba5 Na4 24. Rab1 b5 25. Nd2 Bd8 26. Bxd8 Raxd8 27. Ne4 f5 $36 {[%mdl 2048] Black has good play.} 28. Ng5+ Kf6 29. h4 ({White should play} 29. f4 $11) 29... c5 $15 30. d4 cxd4 31. Rxd4 Rxd4 32. exd4 Rxd4 $17 {[%mdl 4096] Endgame KRN-KRN} 33. Rc1 Rc4 $1 {[%cal Rc4c1]} 34. Rd1 Rc2+ 35. Kf1 Nxb2 {[#]} (35... Ke7 $17 36. Re1 Rc6) 36. Rd6 $1 $15 {[%csl Gg5][%cal Rd6e6][%mdl 512] [#]} f4 $1 37. gxf4 Nc4 38. Rxe6+ Kf5 39. Ra6 Kxf4 40. Rxa7 g6 41. Ra6 Ne5 42. Rb6 Nd3 43. Nh3+ Kg4 {[%mdl 64] Double Attack} 44. Rxg6+ Kxh4 {Hoping for ...Ra2.} (44... Kxh3 $5 45. Rg3+ $8 Kxh4 46. Rxd3 Kg4 $11) 45. Kg2 Rxf2+ {[%mdl 64] Deflection} 46. Nxf2 Nf4+ {[%mdl 64] Double Attack} 47. Kf3 Nxg6 $11 {KN-KN} 48. Nd3 $1 Kg5 49. Ke4 $2 {[%mdl 8192] [#]} (49. Nc5 $15) 49... Kg4 $1 $19 {[%cal Rg4g3]} 50. Ne1 h4 51. Ng2 {[#]} h3 $1 52. Ne3+ Kg3 53. Nf5+ Kf2 54. Ne3 {[#]} Ne5 $1 {[%mdl 512] Black mates.} 55. Nd1+ (55. Kxe5 Kxe3) 55... Ke1 56. Nc3 h2 57. Kxe5 h1=Q 58. Kd4 Qh4+ {Accuracy: White = 55%, Black = 63%.} 0-1